[Event "62nd ch-IND 2025"]
[Site "Guntur IND"]
[Date "2025.09.29"]
[Round "9.53"]
[White "Jagesia Daksh"]
[Black "Aadik Theophane Lenin"]
[Result "1/2-1/2"]
[WhiteElo "1975"]
[BlackElo "2108"]
[WhiteFideId "25670956"]
[BlackFideId "33362041"]
[EventDate "2025.09.21"]

1. Nf3 Nf6 2. c4 g6 3. Nc3 Bg7 4. g3 O-O 5. Bg2 c5 6. O-O Nc6 7. d3 d5 8. cxd5
Nxd5 9. Bd2 Nc7 10. a3 e5 11. Rb1 Qe7 12. b4 cxb4 13. axb4 Rd8 14. h4 Nxb4 15.
Bg5 f6 16. Qb3+ Ne6 17. Qxb4 Qxb4 18. Rxb4 fxg5 19. Nxg5 Nxg5 20. hxg5 a5 21.
Ra4 Bd7 22. Bxb7 Bxa4 23. Bxa8 Bb3 24. Rb1 Bf7 25. Be4 Bf8 26. Rb5 Bb4 27. Nd5
Bxd5 28. Bxd5+ Kh8 29. Kg2 Kg7 30. Kg1 Kh8 31. Kg2 1/2-1/2

[Event "62nd ch-IND 2025"]
[Site "Guntur IND"]
[Date "2025.09.29"]
[Round "9.54"]
[White "Naveen K S"]
[Black "Aamuktha Guntaka"]
[Result "0-1"]
[BlackTitle "WCM"]
[WhiteElo "1974"]
[BlackElo "2102"]
[WhiteFideId "25698257"]
[BlackFideId "33486697"]
[EventDate "2025.09.21"]

1. d4 Nf6 2. Nc3 d5 3. Bf4 a6 4. e3 e6 5. g4 Bb4 6. Bg2 c5 7. g5 Nfd7 8. a3
Bxc3+ 9. bxc3 Nc6 10. h4 Qa5 11. Qd2 cxd4 12. cxd4 Qxd2+ 13. Kxd2 Nb6 14. Bf1
Na5 15. Nf3 Nbc4+ 16. Bxc4 Nxc4+ 17. Kc3 Bd7 18. Nd2 Nb6 19. Nb3 Rc8+ 20. Nc5
Na4+ 21. Kd2 Nxc5 22. dxc5 Rxc5 23. Be5 f6 24. Bd4 Rc4 25. f4 Rf8 26. Rhf1 Ke7
27. Rab1 b5 28. Rb4 Rcc8 29. Rbb1 Be8 30. Bc3 Rg8 31. Bb4+ Kd7 32. Bc3 Bg6 33.
Rb2 Ke7 34. Bd4 Rc4 35. c3 Rf8 36. Rb4 Rcc8 37. a4 Be8 38. a5 Bg6 39. Ke1 Kd6
40. Kd2 e5 41. Bb6 Be4 42. Rb2 h6 43. gxf6 gxf6 44. fxe5+ fxe5 45. Rxf8 Rxf8 46.
Ke1 Rc8 47. Kd2 Rg8 48. Ke1 Rg1+ 49. Kd2 Kd7 50. c4 dxc4 51. Kc3 Rc1+ 52. Kd2
Rh1 53. Kc3 Rxh4 54. Rd2+ Bd3 55. Rg2 Rh1 56. Rg7+ Ke6 57. Ra7 Rb1 58. Bc5 Kd5
59. Bf8 b4+ 60. Kd2 Ke4 0-1

[Event "62nd ch-IND 2025"]
[Site "Guntur IND"]
[Date "2025.09.29"]
[Round "9.55"]
[White "Chukka Vineel Radha Karthik"]
[Black "Alluri Bhaskara Ratna Shanmukha Reddy"]
[Result "1-0"]
[WhiteElo "1889"]
[BlackElo "2097"]
[WhiteFideId "33367787"]
[BlackFideId "33325855"]
[EventDate "2025.09.21"]

1. d4 d6 2. e4 Nf6 3. Nc3 e5 4. Nf3 Nbd7 5. Rg1 g6 6. g4 Bg7 7. Be3 O-O 8. Be2
exd4 9. Nxd4 Re8 10. f3 a6 11. Qd2 c5 12. Nb3 d5 13. exd5 Qe7 14. Bf2 b5 15. d6
Qe6 16. Kf1 c4 17. Na5 b4 18. Na4 c3 19. bxc3 bxc3 20. Nxc3 Nxg4 21. Rxg4 Bxc3
22. Qxc3 Qxe2+ 23. Kg2 Nf8 24. Re1 Qb5 25. Rxe8 Qxe8 26. Re4 Be6 27. Nc6 h5 28.
Ne7+ Kh7 29. Qf6 Nd7 30. Qf4 Qf8 31. c4 Re8 32. c5 Rxe7 33. dxe7 Qxe7 34. c6 Nc5
35. Bxc5 Qxc5 36. c7 Qc2+ 37. Kg3 Bf5 38. Rc4 Qe2 39. Rc1 Be6 40. c8=Q Bxc8 41.
Qxf7+ Kh6 42. Qf8+ Kg5 43. Qf4# 1-0

[Event "62nd ch-IND 2025"]
[Site "Guntur IND"]
[Date "2025.09.30"]
[Round "10.1"]
[White "Sasikiran, Krishnan"]
[Black "Iniyan, Pa"]
[Result "0-1"]
[WhiteTitle "GM"]
[BlackTitle "GM"]
[WhiteElo "2524"]
[BlackElo "2599"]
[WhiteFideId "5004985"]
[BlackFideId "25002767"]
[EventDate "2025.09.21"]

1. Nf3 Nf6 2. g3 b5 3. Bg2 Bb7 4. O-O e6 5. d3 c5 6. e4 d6 7. a4 a6 8. Re1 Nbd7
9. Nh4 Qb6 10. Be3 Be7 11. b4 O-O 12. Nc3 Bc6 13. Rb1 Rfc8 14. h3 Ne8 15. axb5
axb5 16. Nf3 Ra3 17. Nd5 exd5 18. exd5 Bxd5 19. Bc1 Ra2 20. Rxe7 Nef6 21. bxc5
Qxc5 22. Be3 Qxc2 23. Qxc2 Raxc2 24. Nd4 Bxg2 25. Kxg2 R2c3 26. Nxb5 Rxd3 27.
Bf4 Rb8 28. Ree1 h6 29. g4 g5 30. Bh2 Rb6 31. Na7 Rxb1 32. Rxb1 Ne4 33. Rb2 Nf8
34. Nc6 Ng6 35. Bg3 Kg7 36. Re2 d5 37. Nb4 Rd1 38. Kf3 f6 39. Ra2 Nxg3 40. Ra7+
Kf8 41. fxg3 Ne5+ 42. Ke2 Rd4 43. Rb7 Re4+ 44. Kd2 Ke8 45. Nc2 Nf3+ 46. Kd3 Ne5+
47. Kd2 Nf3+ 48. Kd3 Ne1+ 49. Nxe1 Rxe1 50. Rh7 Kf8 51. h4 Rg1 52. Kd4 gxh4 53.
gxh4 Rxg4+ 54. Kxd5 Rxh4 55. Ke6 Kg8 56. Ra7 Rf4 57. Ra1 h5 58. Rg1+ Kh7 59. Kf7
h4 60. Rg6 0-1

[Event "62nd ch-IND 2025"]
[Site "Guntur IND"]
[Date "2025.09.30"]
[Round "10.2"]
[White "Goutham Krishna H"]
[Black "Vignesh Advaith Vemula"]
[Result "1/2-1/2"]
[WhiteTitle "IM"]
[WhiteElo "2418"]
[BlackElo "2431"]
[WhiteFideId "25983504"]
[BlackFideId "25792059"]
[EventDate "2025.09.21"]

1. c4 e6 2. Nc3 Nf6 3. e4 c5 4. e5 Ng8 5. d4 cxd4 6. Qxd4 Nc6 7. Qf4 d6 8. Nf3
Nh6 9. Be2 dxe5 10. Nxe5 Bd6 11. Nxc6 Bxf4 12. Nxd8 Bxc1 13. Rxc1 Kxd8 14. f4
Bd7 15. Kf2 Kc7 16. b4 Rac8 17. Rhd1 Rhd8 18. g4 Be8 19. Ke3 Ng8 20. c5 Ne7 21.
b5 Rxd1 22. Rxd1 Kb8 23. Kd4 Ng6 24. f5 exf5 25. gxf5 Ne7 26. Rf1 Bd7 27. Bd3
Rd8 28. Ke3 Rc8 29. Kd4 Rd8 30. Ke3 Rc8 31. Kd4 Rd8 32. Ke4 1/2-1/2

[Event "62nd ch-IND 2025"]
[Site "Guntur IND"]
[Date "2025.09.30"]
[Round "10.3"]
[White "Aronyak, Ghosh"]
[Black "Ritviz, Parab"]
[Result "1/2-1/2"]
[WhiteTitle "IM"]
[BlackTitle "IM"]
[WhiteElo "2514"]
[BlackElo "2372"]
[WhiteFideId "25072846"]
[BlackFideId "5073367"]
[EventDate "2025.09.21"]

1. Nf3 Nf6 2. g3 d5 3. Bg2 c5 4. O-O Nc6 5. d4 e6 6. c4 dxc4 7. Qa4 Bd7 8. dxc5
Bxc5 9. Qxc4 Qe7 10. Bg5 Rc8 11. Nc3 h6 12. Bxf6 gxf6 13. Rad1 Nb4 14. Qf4 Bc6
15. e4 Bd7 16. a3 Na6 17. e5 f5 18. Nd4 Bxd4 19. Rxd4 Bc6 20. Bxc6+ bxc6 21.
Rfd1 Qg5 22. Qf3 O-O 23. Ra4 Nc7 24. Rxa7 Nd5 25. b4 Qg7 26. Re1 Rfd8 27. Ra5
Ne7 28. Rc5 Rd4 29. b5 cxb5 30. Rxc8+ Nxc8 31. Qb7 Qf8 32. Nxb5 Rc4 33. Rd1 Ne7
34. Rd7 Ng6 35. Nd6 Rc1+ 36. Kg2 Nxe5 37. Re7 Qg7 38. Nxf7 Nxf7 39. Qa8+ Kh7 40.
Qe8 Kg6 41. Rxe6+ Kh7 42. Re7 Kg6 43. Re6+ Kh7 44. Qd7 Rc5 45. Re7 Kg8 46. Re8+
Kh7 47. Re7 Kg8 1/2-1/2

[Event "62nd ch-IND 2025"]
[Site "Guntur IND"]
[Date "2025.09.30"]
[Round "10.4"]
[White "Jain, Kashish Manoj"]
[Black "Gupta, Abhijeet"]
[Result "0-1"]
[WhiteTitle "IM"]
[BlackTitle "GM"]
[WhiteElo "2398"]
[BlackElo "2511"]
[WhiteFideId "35081098"]
[BlackFideId "5010608"]
[EventDate "2025.09.21"]

1. e4 c5 2. Nf3 e6 3. c3 d5 4. e5 Nc6 5. d4 Bd7 6. Be2 Nge7 7. Na3 cxd4 8. cxd4
Nf5 9. Nc2 Be7 10. O-O O-O 11. Bd3 Rc8 12. g4 Nh4 13. Nxh4 Bxh4 14. f4 Be7 15.
Be3 Qe8 16. h4 f5 17. gxf5 exf5 18. h5 Kh8 19. Qf3 Nd8 20. Bd2 Ne6 21. Bc3 b5
22. a3 a5 23. Bxa5 g5 24. fxg5 Nxg5 25. Qe2 Rg8 26. Kh1 Ne4 27. Rg1 Rg3 28. Bxe4
Rh3+ 29. Kg2 fxe4 30. Be1 Qf7 0-1

[Event "62nd ch-IND 2025"]
[Site "Guntur IND"]
[Date "2025.09.30"]
[Round "10.5"]
[White "Aaditya, Dhingra"]
[Black "Ayush, Sharma"]
[Result "0-1"]
[WhiteTitle "IM"]
[BlackTitle "IM"]
[WhiteElo "2391"]
[BlackElo "2457"]
[WhiteFideId "25678191"]
[BlackFideId "45010943"]
[EventDate "2025.09.21"]

1. e4 c5 2. Nf3 d6 3. d4 cxd4 4. Nxd4 Nf6 5. Nc3 a6 6. f4 e5 7. Nb3 Nbd7 8. g4
d5 9. exd5 Nb6 10. g5 Nfxd5 11. Bg2 Nxf4 12. Qxd8+ Kxd8 13. Bxf4 exf4 14. O-O-O+
Kc7 15. a4 Be6 16. Rhe1 Nc4 17. Rd4 Ne3 18. Bf3 Bd6 19. Bxb7 Kxb7 20. Rxd6 Bxb3
21. cxb3 Rhd8 22. Rxd8 Rxd8 23. Nd1 Nf5 24. Nc3 Ne3 25. Nd1 Nf5 26. Nc3 Rd3 27.
Rd1 Rxd1+ 28. Kxd1 Nd4 29. b4 Kc6 30. Ne2 Ne6 31. h4 f3 32. Nc3 Nf4 33. Ke1 Nd3+
34. Kf1 Nxb4 35. Kf2 Nd3+ 36. Kxf3 Nxb2 37. h5 Kd6 38. Ke4 Ke6 39. a5 Nc4 40.
Nd5 Nd2+ 41. Kd4 Nb3+ 42. Ke4 Nc5+ 43. Kd4 Kd6 44. Nb4 h6 45. gxh6 gxh6 46. Ke3
Ke5 47. Nc6+ Kf5 48. Nd8 Kf6 49. Kf3 Nb3 50. Nc6 Kg5 51. Nb4 Nc5 52. Nd5 Kxh5 0-1

[Event "62nd ch-IND 2025"]
[Site "Guntur IND"]
[Date "2025.09.30"]
[Round "10.6"]
[White "Ravi, Teja S."]
[Black "Manish Anto, Cristiano F"]
[Result "1/2-1/2"]
[WhiteTitle "IM"]
[BlackTitle "IM"]
[WhiteElo "2410"]
[BlackElo "2368"]
[WhiteFideId "5017220"]
[BlackFideId "25095927"]
[EventDate "2025.09.21"]

1. Nf3 d5 2. d4 Nf6 3. c4 e6 4. Nc3 c6 5. cxd5 exd5 6. Bg5 Be7 7. e3 Bf5 8. Bd3
Bxd3 9. Qxd3 Nbd7 10. O-O O-O 11. Rab1 a5 12. Qc2 Re8 13. Qb3 Qb6 14. Qxb6 Nxb6
15. Ne5 Nfd7 16. Nxd7 Nxd7 17. Bxe7 Rxe7 18. Rfc1 Nb6 19. b3 h5 20. h4 g6 21.
Ne2 Nc8 22. Nf4 Nd6 23. a4 Kf8 24. g3 Ne4 25. Kg2 Ra6 26. Nd3 Ra8 27. Rc2 Nd6
28. Nc5 Ne4 29. Nxe4 Rxe4 30. b4 axb4 31. Rxb4 Re7 32. Rcb2 Ra7 33. Rb6 Rxa4 34.
Rxb7 Rxb7 35. Rxb7 Ra2 36. Kf3 Rc2 37. Rc7 Ke8 38. e4 dxe4+ 39. Kxe4 Rxf2 40.
Rxc6 Re2+ 41. Kf4 Rf2+ 42. Ke5 Rf3 43. Kd6 Kf8 44. d5 Rxg3 45. Kc7 Rd3 46. d6 g5
47. hxg5 h4 48. Rc1 Kg7 49. d7 h3 50. d8=Q Rxd8 51. Kxd8 Kg6 52. Rg1 h2 53. Rh1
Kxg5 54. Ke7 f5 55. Rxh2 f4 56. Ke6 f3 57. Ke5 Kg4 58. Ke4 Kg3 59. Rh1 1/2-1/2

[Event "62nd ch-IND 2025"]
[Site "Guntur IND"]
[Date "2025.09.30"]
[Round "10.7"]
[White "Sengupta, Deep"]
[Black "Viani, Antonio Dcunha"]
[Result "0-1"]
[WhiteTitle "GM"]
[BlackTitle "IM"]
[WhiteElo "2490"]
[BlackElo "2355"]
[WhiteFideId "5008352"]
[BlackFideId "5027330"]
[EventDate "2025.09.21"]

1. e4 e5 2. Nf3 Nc6 3. Bc4 Nf6 4. d3 Be7 5. a4 O-O 6. a5 d6 7. O-O Be6 8. a6 b6
9. Bxe6 fxe6 10. c3 Qd7 11. Nbd2 b5 12. Re1 Rab8 13. Nf1 h6 14. h3 Nh5 15. N1h2
Nf4 16. Be3 Qe8 17. d4 Qg6 18. Bxf4 exf4 19. d5 Nd8 20. Qb3 c5 21. Ra5 Qe8 22.
e5 c4 23. Qd1 Rb6 24. b3 Qf7 25. exd6 Bxd6 26. bxc4 bxc4 27. Ng4 Re8 28. Qa4 Re7
29. Nge5 Bxe5 30. Nxe5 exd5 31. Nxf7 Rxe1+ 32. Kh2 Rbb1 33. Nxh6+ Kh7 34. Qc2+
Kxh6 35. g4 Rh1+ 36. Kg2 Rbg1+ 37. Kf3 Rxh3+ 38. Kxf4 g5+ 39. Ke5 Nc6+ 40. Kd6
Nxa5 41. Qf5 Ra1 42. f4 Nb3 43. fxg5+ Kg7 44. Qf6+ Kg8 45. g6 Rxa6+ 0-1

[Event "62nd ch-IND 2025"]
[Site "Guntur IND"]
[Date "2025.09.30"]
[Round "10.8"]
[White "Nayak, Rajesh"]
[Black "Lalit Babu M R"]
[Result "0-1"]
[WhiteTitle "FM"]
[BlackTitle "GM"]
[WhiteElo "2352"]
[BlackElo "2502"]
[WhiteFideId "35017152"]
[BlackFideId "5024595"]
[EventDate "2025.09.21"]

1. e4 e6 2. d4 d5 3. Nc3 Nf6 4. e5 Nfd7 5. Nce2 c5 6. c3 Nc6 7. Nf3 a5 8. a4 Qb6
9. g3 f6 10. Nf4 cxd4 11. Nxe6 Ndxe5 12. Nfxd4 Nxd4 13. Nxd4 Bc5 14. Bb5+ Kf7
15. Be2 Re8 16. O-O Bh3 17. Bb5 Bg4 18. Qb3 Bxd4 19. cxd4 Nf3+ 20. Kh1 Qe6 21.
h3 Nxd4 22. Bxe8+ Rxe8 23. Qe3 Qa6 0-1

[Event "62nd ch-IND 2025"]
[Site "Guntur IND"]
[Date "2025.09.30"]
[Round "10.9"]
[White "Srihari, L R"]
[Black "Subhayan, Kundu"]
[Result "1-0"]
[WhiteTitle "GM"]
[BlackTitle "IM"]
[WhiteElo "2481"]
[BlackElo "2352"]
[WhiteFideId "46617116"]
[BlackFideId "5094801"]
[EventDate "2025.09.21"]

1. e4 e5 2. Nf3 Nc6 3. Nc3 Nf6 4. g3 d5 5. exd5 Nxd5 6. Bg2 Nxc3 7. bxc3 Bc5 8.
O-O O-O 9. Re1 f6 10. Rb1 Rb8 11. d4 Be7 12. Nh4 Bd7 13. Qd3 f5 14. Bd5+ Kh8 15.
dxe5 Bxh4 16. gxh4 Qxh4 17. e6 Be8 18. Qg3 Qxg3+ 19. hxg3 Ne7 20. Rxb7 Rxb7 21.
Bxb7 Bc6 22. Bxc6 Nxc6 23. Bf4 Rc8 24. e7 Re8 25. Re6 1-0

[Event "62nd ch-IND 2025"]
[Site "Guntur IND"]
[Date "2025.09.30"]
[Round "10.10"]
[White "Sriram, Jha"]
[Black "Prraneeth, Vuppala"]
[Result "1/2-1/2"]
[WhiteTitle "GM"]
[BlackTitle "GM"]
[WhiteElo "2322"]
[BlackElo "2475"]
[WhiteFideId "5001668"]
[BlackFideId "46622373"]
[EventDate "2025.09.21"]

1. d4 Nf6 2. c4 e6 3. Nf3 d5 4. g3 Bb4+ 5. Bd2 a5 6. Bg2 O-O 7. O-O dxc4 8. Qc2
b5 9. a4 Bxd2 10. Nfxd2 Nd5 11. axb5 c6 12. bxc6 Nxc6 13. Qxc4 Qb6 14. Nc3 Ba6
15. Nxd5 exd5 16. Qxd5 Nxd4 17. Qxa5 Nxe2+ 18. Kh1 Qxa5 19. Rxa5 Rad8 20. Rxa6
Rxd2 21. b4 Rb2 22. Rb6 Rd8 23. Rb7 g6 24. b5 Kg7 25. Bc6 Nd4 26. Bd7 Nf3 27.
Bc6 Nd4 28. Bd7 Nf3 29. Bc6 Nd4 1/2-1/2

[Event "62nd ch-IND 2025"]
[Site "Guntur IND"]
[Date "2025.09.30"]
[Round "10.11"]
[White "Harsh, Suresh"]
[Black "Nitin, S."]
[Result "1/2-1/2"]
[WhiteTitle "IM"]
[BlackTitle "IM"]
[WhiteElo "2443"]
[BlackElo "2316"]
[WhiteFideId "45018464"]
[BlackFideId "5018277"]
[EventDate "2025.09.21"]

1. d4 Nf6 2. c4 e6 3. Nc3 Bb4 4. e3 O-O 5. Bd3 d5 6. a3 Bxc3+ 7. bxc3 dxc4 8.
Bxc4 c5 9. Ne2 b6 10. O-O Bb7 11. f3 Qc7 12. Ba2 cxd4 13. cxd4 Bd5 14. e4 Bxa2
15. Rxa2 Rc8 16. Bg5 Nbd7 17. Qd2 Qb7 18. Rc1 Rxc1+ 19. Qxc1 Rc8 20. Rc2 Rxc2
21. Qxc2 h6 22. Bc1 Qa6 23. Ng3 Qb7 24. Ne2 Qa6 25. Ng3 Qb7 26. Ne2 Qa6 1/2-1/2

[Event "62nd ch-IND 2025"]
[Site "Guntur IND"]
[Date "2025.09.30"]
[Round "10.12"]
[White "Audi, Ameya"]
[Black "Mahitosh, Dey"]
[Result "1-0"]
[WhiteTitle "IM"]
[BlackTitle "FM"]
[WhiteElo "2430"]
[BlackElo "2233"]
[WhiteFideId "25034430"]
[BlackFideId "25091468"]
[EventDate "2025.09.21"]

1. e4 e5 2. Nf3 Nc6 3. d4 exd4 4. Nxd4 Bc5 5. Nb3 Bb6 6. Nc3 Nf6 7. Qe2 d6 8.
Be3 Be6 9. O-O-O Ne5 10. Bxb6 axb6 11. f4 Bg4 12. Qe1 Bxd1 13. fxe5 Bxc2 14.
Kxc2 dxe5 15. Qg3 Qe7 16. Qxg7 Rg8 17. Qh6 Ng4 18. Bb5+ Kd8 19. Qxh7 Nf6 20.
Rd1+ Kc8 21. Nd5 Rxg2+ 22. Kc1 Nxh7 23. Nxe7+ Kb8 24. Rd8+ Ka7 25. Nc8+ Rxc8 26.
Rxc8 c6 27. Bd3 Nf6 28. Rh8 c5 29. Nd2 Rg1+ 30. Kc2 Ng4 31. Kb3 Rg2 32. Nb1 Nxh2
33. Nc3 b5 34. Nxb5+ Kb6 35. Rh6+ Ka5 36. Na3 b6 37. Nc4+ Ka6 38. Ne3+ 1-0

[Event "62nd ch-IND 2025"]
[Site "Guntur IND"]
[Date "2025.09.30"]
[Round "10.13"]
[White "Soham, Kamotra"]
[Black "Arnav, Agrawal"]
[Result "1/2-1/2"]
[WhiteTitle "IM"]
[WhiteElo "2414"]
[BlackElo "2191"]
[WhiteFideId "46647490"]
[BlackFideId "48779857"]
[EventDate "2025.09.21"]

1. Nf3 c5 2. b3 Nf6 3. Bb2 g6 4. e3 Bg7 5. Be2 O-O 6. O-O Nc6 7. h3 d5 8. Ne5
Qc7 9. Nxc6 Qxc6 10. d3 b6 11. Nd2 Bb7 12. Qe1 Ne8 13. Bxg7 Nxg7 14. a4 e5 15.
Bf3 Qc7 16. Qb1 Ne6 17. c4 Rfd8 18. cxd5 Bxd5 19. Rc1 Qe7 20. a5 b5 21. a6 Rab8
22. Ra5 Kg7 23. Qb2 f6 24. Bg4 Nf8 25. Qc3 h5 26. Be2 Ne6 27. Ne4 Rdc8 28. Raa1
Rb6 29. h4 b4 30. Qb2 c4 31. bxc4 Bxe4 32. dxe4 Nc5 33. f3 Rd8 34. Ra5 Rxa6 35.
Rxa6 Nxa6 36. c5 Nxc5 37. Qxb4 Rc8 38. Bc4 Rc7 39. Rd1 Nb7 40. Qa4 Nc5 41. Qb5
Rc8 42. Ba2 Kh6 43. Qc4 Kg7 44. Kh2 Kh6 45. Rd5 Rc7 46. Rd1 Rc8 47. Qb4 Kg7 48.
Rd5 Kh6 49. Rd1 Kg7 50. Rd2 Kh6 51. Rd5 Kg7 52. Qd2 Rb8 53. Kg3 Kh6 54. Bc4 Rc8
55. Ba2 Rb8 56. Rd6 Rb2 57. Qd5 Rxa2 58. Rd8 Ne6 59. Rd7 Qa3 60. Rb7 Qxe3 61.
Qxa2 Qf4+ 62. Kh3 g5 63. g3 Qxf3 64. Kh2 gxh4 65. Qd2+ Ng5 66. gxh4 Qh3+ 67. Kg1
Qxh4 68. Rxa7 Kg6 69. Qa2 Qg3+ 70. Kf1 Qf3+ 71. Kg1 Qxe4 72. Ra4 Qe3+ 73. Kf1
Qf3+ 74. Kg1 Qg3+ 75. Kf1 Qf3+ 76. Kg1 e4 77. Qg8+ Kf5 78. Qc8+ Kf4 79. Qb8+ Kg4 1/2-1/2

[Event "62nd ch-IND 2025"]
[Site "Guntur IND"]
[Date "2025.09.30"]
[Round "10.14"]
[White "Deepan, Chakkravarthy J."]
[Black "Gaikwad Manas"]
[Result "1/2-1/2"]
[WhiteTitle "GM"]
[WhiteElo "2407"]
[BlackElo "2112"]
[WhiteFideId "5011132"]
[BlackFideId "25912410"]
[EventDate "2025.09.21"]

1. Nf3 Nf6 2. g3 g6 3. Bg2 Bg7 4. O-O O-O 5. d4 d6 6. Re1 Nc6 7. d5 Na5 8. Nd4
e5 9. Nb3 Nxb3 10. axb3 Bd7 11. b4 Ne8 12. e4 f5 13. exf5 Bxf5 14. h3 h5 15. Be3
Qd7 16. Kh2 Nf6 17. c4 a6 18. Nc3 Rae8 19. b5 axb5 20. cxb5 Ra8 21. Qe2 Kh8 22.
Qc4 Rfc8 23. Rec1 Qf7 24. b3 Kh7 25. Ra4 Rab8 26. Ra7 Re8 27. Na2 Rec8 28. Nb4
Bd7 29. Qe2 Qe8 30. Ra5 Ng8 31. Be4 Nf6 32. Bg2 Ng8 33. Bf1 Ne7 34. Ra2 Nf5 35.
Nc2 Ra8 36. Rca1 Rxa2 37. Rxa2 Ra8 38. Rxa8 Qxa8 39. b6 cxb6 40. Bxb6 Qa2 41.
Qc4 Nd4 42. Bxd4 exd4 43. Bd3 b5 44. Qb4 Qa6 45. Qe1 Qc8 46. Qe2 Bf5 47. Nb4
Bxd3 48. Nxd3 Qf5 49. Nb4 d3 50. Nxd3 Qxd5 51. b4 Qd4 52. Qf3 d5 53. Kg2 Qe4 54.
Nc5 Qxf3+ 55. Kxf3 Bc3 56. Ne6 Bxb4 57. Nc7 d4 58. Nxb5 d3 59. Ke3 1/2-1/2

[Event "62nd ch-IND 2025"]
[Site "Guntur IND"]
[Date "2025.09.30"]
[Round "10.15"]
[White "Druvesh Dondapati"]
[Black "Sidhant, Mohapatra"]
[Result "1/2-1/2"]
[BlackTitle "IM"]
[WhiteElo "2011"]
[BlackElo "2384"]
[WhiteFideId "33405980"]
[BlackFideId "5028698"]
[EventDate "2025.09.21"]

1. d4 d5 2. c4 e6 3. Nf3 c6 4. Nbd2 Nf6 5. g3 c5 6. cxd5 exd5 7. Bg2 Nc6 8. O-O
cxd4 9. Nb3 Bd6 10. Nbxd4 O-O 11. b3 Re8 12. Bb2 a6 13. Rc1 Bd7 14. Qc2 Rc8 15.
Qb1 Bg4 16. Qa1 Bf8 17. e3 Nxd4 18. Nxd4 Qd7 19. Rxc8 Rxc8 20. Rc1 Re8 21. Rc2
h5 22. h4 Bh3 23. Bxh3 Qxh3 24. Qf1 Qd7 25. Ne2 Ng4 26. Rd2 Bc5 27. Bd4 Bxd4 28.
Nxd4 Qe7 29. Qe2 Qe5 30. Rc2 g6 31. Qf3 Kg7 32. Qf4 Qxf4 33. gxf4 Re7 34. f5 Kf6 1/2-1/2

[Event "62nd ch-IND 2025"]
[Site "Guntur IND"]
[Date "2025.09.30"]
[Round "10.16"]
[White "Surendran, N"]
[Black "Das, Arghyadip"]
[Result "1/2-1/2"]
[BlackTitle "IM"]
[WhiteElo "2158"]
[BlackElo "2353"]
[WhiteFideId "5021243"]
[BlackFideId "5003610"]
[EventDate "2025.09.21"]

1. d4 Nf6 2. Nf3 g6 3. c4 Bg7 4. Nc3 d5 5. cxd5 Nxd5 6. e4 Nxc3 7. bxc3 c5 8.
Be3 Bg4 9. Qd2 cxd4 10. cxd4 Nc6 11. Rd1 O-O 12. Be2 Qa5 13. Qxa5 Nxa5 14. Rc1
Rfc8 15. Kd2 Rd8 16. Ng1 Bxe2 17. Nxe2 Nc6 18. Rc4 Bxd4 19. Bxd4 e5 20. Rb1 Rd7
21. Kc3 exd4+ 22. Nxd4 Ne5 23. Rc5 Ng4 24. f3 Ne3 25. g3 Rad8 26. Re1 b6 27. Rc6
Ng4 28. fxg4 Rxd4 29. g5 Rd2 30. Rc8 Kf8 31. Rf1 Ke7 32. Rxd8 Rxd8 33. Rf4 Rc8+
34. Kb3 Rc5 35. h4 Rc1 36. Rf3 b5 37. Rf6 a5 38. Rb6 b4 39. Ka4 Ra1 40. Kxa5
Rxa2+ 41. Kb5 Re2 42. Kc5 Rxe4 43. Kd5 Rg4 44. Ke5 Rxg3 45. Rxb4 Rf3 46. Rb8 Rh3
47. h5 gxh5 48. Rh8 h4 49. Rxh7 Kf8 50. Kf4 Kg8 51. Rh6 1/2-1/2

[Event "62nd ch-IND 2025"]
[Site "Guntur IND"]
[Date "2025.09.30"]
[Round "10.17"]
[White "Ganguly, Surya Shekhar"]
[Black "Chidvilash, Sai Surapaneni"]
[Result "1-0"]
[WhiteTitle "GM"]
[BlackTitle "CM"]
[WhiteElo "2573"]
[BlackElo "2124"]
[WhiteFideId "5002150"]
[BlackFideId "25748530"]
[EventDate "2025.09.21"]

1. Nf3 d5 2. e3 Nf6 3. c4 e6 4. Nc3 Be7 5. b3 O-O 6. Bb2 c5 7. cxd5 Nxd5 8. Qc2
Nc6 9. a3 f5 10. Rd1 Nxc3 11. Bxc3 Bd6 12. Bc4 a6 13. a4 Rb8 14. d4 Qe7 15. dxc5
Bxc5 16. Ne5 Nb4 17. Qe2 Nd5 18. Bxd5 exd5 19. O-O f4 20. exf4 Rxf4 21. Rxd5 Be6
22. Rxc5 Qxc5 23. Nd3 Qxc3 24. Qxe6+ Rf7 25. Ne5 Rf8 26. h4 Qc8 27. Qxc8 Rxc8
28. Nxf7 Kxf7 29. Re1 Kf6 30. g4 b5 31. axb5 axb5 32. Kg2 Rd8 33. Re4 Rd5 34. f3
h6 35. h5 g6 36. hxg6 Kxg6 37. Kf2 h5 38. gxh5+ Rxh5 39. Ke3 Kf5 40. Kd4 Rh3 41.
Re8 Kf6 42. b4 Kf7 43. Re3 Rh1 44. Re5 Rh4+ 45. Kc5 Rf4 46. Kxb5 Rxf3 47. Kb6
Kf6 48. Re1 Rb3 49. b5 Kf5 50. Kc6 Kf6 51. b6 Kf7 52. b7 Rc3+ 53. Kb6 Rb3+ 54.
Kc7 Rc3+ 55. Kb8 Rc5 56. Ka7 1-0

[Event "62nd ch-IND 2025"]
[Site "Guntur IND"]
[Date "2025.09.30"]
[Round "10.18"]
[White "Vedant Garg"]
[Black "Sethuraman, S.P."]
[Result "0-1"]
[BlackTitle "GM"]
[WhiteElo "2140"]
[BlackElo "2572"]
[WhiteFideId "33422362"]
[BlackFideId "5021596"]
[EventDate "2025.09.21"]

1. e4 c5 2. Nf3 d6 3. d4 cxd4 4. Nxd4 Nf6 5. Nc3 a6 6. Rg1 e5 7. Nb3 h5 8. h3 h4
9. Be3 Be6 10. Qf3 Nbd7 11. O-O-O Rc8 12. Nd5 g6 13. g4 hxg3 14. fxg3 Bh6 15.
Bxh6 Rxh6 16. g4 Bxd5 17. exd5 Nh7 18. Kb1 Kf8 19. Bg2 Kg7 20. Rdf1 Qe7 21. Rh1
Rh4 22. Qf2 Rh8 23. Qa7 Ndf6 24. Qe3 Nd7 25. Qa7 Ndf6 26. Qe3 Ne8 27. Qb6 Ng5
28. Na5 Nxh3 29. Bxh3 Rxh3 30. Rxh3 Rxh3 31. Nxb7 e4 32. Qd4+ Kg8 33. Na5 e3 34.
Nc6 Qh4 35. Qd1 Nf6 36. Rg1 Nxg4 37. a3 Nf2 38. Qe1 Qe4 39. Nb4 a5 40. Nc6 a4
41. Nb4 Qd4 42. Ka2 Qc4+ 43. Ka1 Ne4 44. Qc1 Rf3 45. Re1 Nd2 46. Qd1 Rf1 47.
Rxf1 e2 0-1

[Event "62nd ch-IND 2025"]
[Site "Guntur IND"]
[Date "2025.09.30"]
[Round "10.19"]
[White "Arshpreet Singh"]
[Black "Rohith, Krishna S"]
[Result "0-1"]
[BlackTitle "IM"]
[WhiteElo "2123"]
[BlackElo "2503"]
[WhiteFideId "25902113"]
[BlackFideId "46617051"]
[EventDate "2025.09.21"]

1. e4 e5 2. Nf3 Nc6 3. Bb5 a6 4. Ba4 Nf6 5. O-O Be7 6. Re1 b5 7. Bb3 d6 8. c3
O-O 9. h3 Re8 10. Ng5 Rf8 11. Nf3 h6 12. d4 Re8 13. Nbd2 Bd7 14. Nf1 Bf8 15. Ng3
a5 16. Bd2 a4 17. Bc2 Na7 18. b3 Nc8 19. Qe2 Nb6 20. d5 c5 21. Bd3 Rb8 22. Bxb5
Bxb5 23. Qxb5 axb3 24. Qxb3 Nbxd5 25. Qc2 Nc7 26. c4 Qd7 27. a4 Na6 28. Reb1 Nb4
29. Bxb4 cxb4 30. a5 Rec8 31. Qd3 Qc6 32. Nd2 Nd7 33. Nf5 Nc5 34. Qf3 Rb7 35.
Ne3 Be7 36. Nd5 Bg5 37. Nb3 Na6 38. Nb6 Rcb8 39. Qe2 Bd8 40. Nd5 Ra8 41. Nd2
Rab8 42. Nb3 Ra7 43. Ra2 Nc5 44. Qc2 Kf8 45. Rba1 Ra6 46. g3 Nxb3 47. Qxb3 Qc5
48. Ra4 Rxa5 49. Rxa5 Bxa5 50. Qa4 Bb6 51. Qa8 Qxf2+ 52. Kh1 Qf3+ 53. Kh2 Qe2+
54. Kh1 Qxe4+ 55. Kh2 Qe2+ 56. Kh1 Qf3+ 57. Kh2 Re8 58. Qc6 0-1